Datum a čas kvízu
28.5
Celkem bodů
Celkový počet nahraných bodů na tomto kvízu bez doplňovacích otázek.
1.
Pořadí na kvízu
Konečné umístění týmu na tomto kvízu.
Zaznamenané odpovědi
| # | Otázka | Odpověď | Body | Výsledky |
|---|---|---|---|---|
| 1. | Bývalá pražská primátorka Adri... | C) detektivní román | 1 | |
| 2. | Princ Harry a jeho manželka Me... | megxit | 1 | |
| 3. | Ve věku 86 let zemřel filmový... | Ivan Passer | 1 | |
| 4. | Český forenzní biochemik Jan H... | analýza potu | 1 | |
| 5. | Pekka Rinne se stal dvanáctým... | Nashville Predators | 0 | |
| 6. | Rožnovský tým Kačeři vyhrál mo... | Dave Gahan | 1 | |
| 7. | Která skladba "Depešáků" je ne... | Enjoy the Silence | 1 | |
| 8. | Podle čeho si tato kapela vybr... | B) podle časopisu | 1 | |
| 9. | Gary Numan, Ultravox, Devo...... | synthpop / synthrock | 0 | |
| 10. | Depešáci ovlivnili řadu hudebn... | Shalom | 0 |